| 000 | 01070nam0a22002891 4500 | ||
|---|---|---|---|
| 001 | rc\306061 | ||
| 005 | 20250621030932.0 | ||
| 010 |
_a5-212-00575-2 _970000 |
||
| 035 | _a(NLR Aleph) 005541547 | ||
| 090 |
_a5715671 _c5715671 |
||
| 100 | _a20030307d1990 |||y0rusy50 ca | ||
| 101 | 0 | _arus | |
| 102 | _aRU | ||
| 105 | _ay ||||||||| | ||
| 200 | 1 |
_aСредневековые процессы о ведьмах _f[Послесл. С.С. Миронова] |
|
| 205 | _aРепринт. воспроизведение изд. 1899 г. | ||
| 210 |
_aМ. _cКнига _d1990 |
||
| 215 |
_a221, [7] с. _d20 |
||
| 300 | _aПеред вып. дан. авт.: Яков Абрамович Кантарович [!] | ||
| 300 | _aВых. дан. ориг.: СПб.: Изд. Я. Канторовича | ||
| 700 | 1 |
_7ca _8rus _aКанторович _bЯ. А. _cюрист _f1859-1925 _gЯков Абрамович _9154719 _3RU\NLR\AUTH\770154757 |
|
| 801 | 0 |
_aRU _bNLR _gpsbo |
|
| 801 | 1 |
_aRU _bELAR _2rusmarc |
|
| 852 |
_aNLR _j91-3/6008 |
||
| 942 | _cBOOK | ||
| 980 | _aNB | ||